Name that landmark - Statistics

General Stats
  • This quiz has been taken 23 times
  • The average score is 16 of 20
Answer Stats
Questions Answer % Correct
1) This massive canyon in the southwest US is over 1 mile deep, 8000 ft at its highest rim, and 18 miles wide average Grand Canyon
100%
12) This massive stone wall stretching over 13000 miles was built by the ancient Chineseempire to protect against nomadic invasions from the north Great Wall of China
100%
13) Famous massive waterfalls on the border of New York state and Ontario, Canada Niagara Falls
100%
5) This iconic clocktower, completed in 1859, sits overlooking the Thames River in London Big Ben
95%
10) This Roman architectural wonder once housed gladiator fights, built duringthe Flavian reign of ancient Rome Colosseum
95%
15) This famous Parisian museum houses some of the worlds finest art, such as the Mona Lisa and Venus De Milo Louvre
95%
2) This monument features 4 presidents faces carved into the side of a mountain in South Dakota Mount Rushmore
95%
8) This iconic statue in the middle of the Hudson river in New York City was agift from France dedicated in 1886 Statue of Liberty
95%
7) This massive coral reef off of eastern Australia is the largest living coral ecosystem in the world Great Barrier Reef
90%
17) Ancient Incan city high in the Andes of Peru. Now a famous ruin site Machu Picchu
86%
16) Town which was buried by the eruption of Mt Vesuvius in 79 AD. Now a historical ruin site Pompeii
81%
6) This massive marble mausoleum in Agra, India is an iconof Muslim architectural art Taj Mahal
81%
18) This massive statue of Jesus sits on a mountain overlooking the city of Rio De Janeiro Christ the Redeemer
71%
9) This massive skyscraper in downtown Dubai is currently the tallest tower in the world Burj Khalifa
67%
19) Ancient sandstone cliff city in the remote desert of SW Jordan built by the Nabatean kingdom Petra
62%
3) Massive sandstone monolith in the middle of the remote desert of central Australia. Formerly known as Ayers rock Uluru
62%
20) Famous Hindu-Buddhist temple in Cambodia that was built by the ancient Khmer empire Angkor Wat
57%
4) Grand mosque and former church that lies in the heart of Istanbul, Turkey Hagia Sophia
57%
14) Famous complex of ruins and pyramids built by the ancient Mayans on the Yucatan peninsula in southern Mexico Chichen Itza
43%
11) These massive structures were built as tombs for the pharaohs of ancientEgypt outside of modern day Cairo in Giza Pyramids of Giza
43%
No matching quizzes found
Score Distribution
Percent of People with Each Score
Percentile by Number Answered
Your Score History
You have not taken this quiz